| 000 | 01092nam a2200325 i 4500 | ||
|---|---|---|---|
| 001 | 768714001 | ||
| 003 | CO-MdFUSB | ||
| 005 | 20220325100910.0 | ||
| 007 | ta | ||
| 008 | 220217t2001 sp |||| |||| 00| 0 spa d | ||
| 020 | _a9063110251 | ||
| 040 |
_aCO-MdFUSB _bspa _cCO-MdFUSB _dCO-MdFUSBC _erda |
||
| 041 |
_aspa _hger |
||
| 082 |
_223 _a264.2 _bD485 |
||
| 100 |
_aDeursen, F. van, _eautor |
||
| 240 | _aDe hymnen van Gods volk | ||
| 245 | 4 |
_aLos himnos del pueblo de Dios _c/ F. Van Deursen ; traducido por J. T. Sanz Pascual |
|
| 264 | 1 |
_aEspaña : _bFELIRe, _c[2001] |
|
| 264 | 4 | _c© 2001 | |
| 300 |
_a52 páginas _c; 20 cm |
||
| 336 |
_2rdacontent _atexto _btxt |
||
| 337 |
_2rdamedia _asin mediación _bn |
||
| 338 |
_2rdacarrier _avolumen _bnc |
||
| 505 | _aCarácter de los Salmos. -- Lugar de los Salmos en la Biblia. -- Actualidad de los Salmos. -- Justificación. -- Salmo 8, 19, 22, 31, 42, 51, 72, 77, 84, 87, 146. | ||
| 563 | _aRústico | ||
| 650 | 0 |
_91066 _aAdoración |
|
| 700 |
_96207 _aSanz Pascual, J. T. _etraductor |
||
| 942 | _cBK | ||
| 945 | _aJTF-925 | ||
| 999 |
_c67248 _d67248 |
||